• 首页
  • 本馆介绍
  • 公告通知
  • 最新文献
  • 馆藏检索
  • 电子资源
  • 读者导购
  • 参考咨询
  • 我的图书馆
  • 登录
  • 详细信息显示
  • 放入我的书架
  • 预约/预借图书
  • 作者相关作品
  • 分类相关作品
  • 丛书相关作品
  • 出版社相关作品

书目信息

  • 表格格式
  • 工作单格式
  • 卡片格式
题名:
正面沟通
    
 
作者: 江藤真规 著 ;李中芳 译
分册:  
出版信息: 南京   江苏凤凰文艺出版社  2020.12
页数: 193页
开本: 21cm
丛书名:
单 册:
中图分类: G781-49
科图分类:
主题词: 亲子教育--家庭教育--通俗读物
电子资源:
ISBN: 978-7-5594-4622-0
000 01008nam0 2200253 450
001 012001000890
005 20141202092128.0
010    @a978-7-5594-4622-0@dCNY48.00
100    @a20220905d2020 em y0chiy50 ea
101 1  @achi@cjpn
102    @aCN@b320000
105    @aa z 000yy
106    @ar
200 1  @a正面沟通@Azheng mian gou tong@e妈妈怎么说,孩子才会听@f(日)江藤真规著@g李中芳译
210    @a南京@c江苏凤凰文艺出版社@d2020.12
215    @a193页@c图@d21cm
300    @a快读·慢活
330    @a本书剖析了令妈妈焦虑沟通的原因,并针对性地给出了消除焦虑的应对方法,同时揭秘了认真倾听、使用正面表述等亲子沟通要诀,并列举了69个日常应用场景,通过“焦虑沟通-正面沟通”的转换,让妈妈快速实现沟通话术大转变,从而改变孩子的行为与习惯,培养独立自信的孩子。
606 0  @a亲子教育@x家庭教育@j通俗读物
690    @aG781-49@v5
701  0 @c(日)@a江藤真规@Ajiang teng zhen gui@c(女)@4著
702  0 @a李中芳@Ali zhong fang@4译
801  0 @aCN@bAHXH@c20221111
905    @b1362617-21@dG781-49@e2669@f5
    
    正面沟通:妈妈怎么说,孩子才会听/(日)江藤真规著/李中芳译.-南京:江苏凤凰文艺出版社,2020.12
    193页:图;21cm
    快读·慢活
    
    ISBN 978-7-5594-4622-0:CNY48.00
    本书剖析了令妈妈焦虑沟通的原因,并针对性地给出了消除焦虑的应对方法,同时揭秘了认真倾听、使用正面表述等亲子沟通要诀,并列举了69个日常应用场景,通过“焦虑沟通-正面沟通”的转换,让妈妈快速实现沟通话术大转变,从而改变孩子的行为与习惯,培养独立自信的孩子。
●
相关链接 在E读中查询图书 在五车中查询图书 在当当中查询图书 在豆瓣中查询图书


正题名:正面沟通     索取号:G781-49/2669         预约/预借

序号 登录号 条形码 馆藏地/架位号 状态 备注
1 1362617   213626174   第一样本阅览室/ [索取号:G781-49/2669] 在馆    
2 1362618   213626183   教育系资料室/ [索取号:G781-49/2669] 在馆    
3 1362619   213626192   教育系资料室/ [索取号:G781-49/2669] 在馆    
4 1362620   213626209   第四借阅区/ [索取号:G781-49/2669] 在馆    
5 1362621   213626218   第四借阅区/ [索取号:G781-49/2669] 在馆    
唐山师范学院图书馆 欢迎您!
大连网信软件有限公司© 版权所有